000
00229nam a22001097a 4500
999
_c
480914
_d
480914
003
NUST
008
180706t xxu||||| |||| 00| 0 eng d
038
_a
Adnan
082
_a
570
245
_a
Structural virology
942
_2
ddc
_c
BK